• 首页
  • 本馆介绍
  • 公告通知
  • 最新文献
  • 馆藏检索
  • 电子资源
  • 读者导购
  • 参考咨询
  • 我的图书馆
  • 登录
  • 详细信息显示
  • 放入我的书架
  • 预约/预借图书
  • 作者相关作品
  • 分类相关作品
  • 丛书相关作品
  • 出版社相关作品

书目信息

  • 表格格式
  • 工作单格式
  • 卡片格式
题名:
高温超导电性问题
    
 
作者: 金兹堡 , Гинзбург , 基尔日尼茨 , Киржниц 著 ;张其瑞 , 朱震刚 , 宋胜年 译
分册:  
出版信息: 北京   科学出版社  1987
页数: 389页
开本: 19cm
丛书名:
单 册:
中图分类: O522
科图分类:
主题词: 高压物理学 , 高温物理学
电子资源:
ISBN:
000 01012nam0 2200325 45
001 0187008976
005 20040701154032.2
010    @dCNY3.00
091    @a13031.3486
100    @a19900808d1987 emky0chiy0121 ea
101 1  @achi@crus
102    @aCN@b110000
105    @ay z 000yy
106    @ar
200 10 @a高温超导电性问题@Agao wen chao dao dian xing wen ti@f(苏)金兹堡(Гинзбург,В.Л.), (苏)基尔日尼茨(Киржниц,Д.А.)著@g张其瑞等译
210    @a北京@c科学出版社@d1987
215    @a389页@d19cm
606 0  @a高压物理学
606 0  @a高温物理学
690    @aO522@v3
701  1 @a金兹堡@Ajin zi bao@bВ.Л.@4著
701 A1 @aГинзбург@bВ.Л.@4著
701  1 @a基尔日尼茨@Aji er ri ni ci@bД.А.@4著
701 A1 @aКиржниц@bД.А.@4著
702  0 @a张其瑞@Azhang qi rui@4译
702  0 @a朱震刚@Azhu zhen gang@4译
702  0 @a宋胜年@Asong sheng nian@4译
801  0 @aCN@b深圳图书馆@c20040518
801  2 @aCN@bNLC@c20040518
905    @dO522@e1@f1@b206712
    
    高温超导电性问题/(苏)金兹堡(Гинзбург,В.Л.), (苏)基尔日尼茨(Киржниц,Д.А.)著/张其瑞等译.-北京:科学出版社,1987
    389页;19cm
    
    
    ISBN :CNY3.00
    
●
相关链接 在E读中查询图书 在五车中查询图书 在当当中查询图书 在豆瓣中查询图书


正题名:高温超导电性问题     索取号:O522/1         预约/预借

序号 登录号 条形码 馆藏地/架位号 状态 备注
1 0206709   001453224   密集书库/ [索取号:O522/1] 在馆    
2 0206710   001453251   第三借阅区/ [索取号:O522/1] 在馆    
3 0206711   001453297   密集书库/ [索取号:O522/1] 在馆    
4 0206712   001941475   密集书库/ [索取号:O522/1] 在馆    
唐山师范学院图书馆 欢迎您!
大连网信软件有限公司© 版权所有